ბათუმის შოთა რუსთაველის სახელმწიფო უნივერსიტეტის ბიბლიოთეკა

ქართულ-გერმანული ლექსიკონი / (ბიბ.ჩანაწერი № 40479)

000 -ლიდერი
ფიქსირებული სიგრძის საკონტროლო ველი 00987nam a2200229Ia 4500
001 - საკონტროლო ნომერი
საკონტროლო ველი 7090
003 - საკონტროლო ნომრის იდენტიფიკატორი
საკონტროლო ველი GE_BSU
005 - ბოლო ოპერაციის თარიღი და დრო
საკონტროლო ველი 20231020120428.0
008 - ფიქსირებული სიგრძის მონაცემთა ელემენტები - ზოგადი ინფორმაცია
ფიქსირებული სიგრძის საკონტროლო ველი 181216s? ||||ge |||||||||||||| ||geo||
040 ## - კატალოგიზაციის წყარო
Transcribing agency GE_BSU
041 ## - ენის კოდი
Language code of text/sound track or separate title geo
080 ## - უნივერსალური ათობითი კლასიფიკაციის ინდექსი
Universal Decimal Classification number 81'374.822=353.1=112.2(038) ხ-96
100 ## - მთავარი ჩანაწერი - პიროვნების სახელი
Personal name ხუციშვილი, ო.
9 (RLIN) 20160
245 ## - ცნობა სათაურის შესახებ
Title ქართულ-გერმანული ლექსიკონი /
Statement of responsibility, etc შედგენილი ო. ხუციშვილისა და თ. ხატიაშვილის მიერ.
264 ## - წარმოების, გამოცემის, დისტრიბუციის და სხვა ცნობები
გამოცემის, წარმოების, დისტრიბუციის... ადგილი თბილისი :
გამოცემის, წარმოების, დისტრიბუციის... სახელწოდება [განათლება],
გამოცემის, წარმოების, დისტრიბუციის... თარიღი [1977].
300 ## - ფიზიკური აღწერა
Extent 534 გვ. ;
Dimensions 20 სმ.
653 ## - INDEX TERM--UNCONTROLLED
Uncontrolled term ქართულ-გერმანული ლექსიკონი
700 ## - ADDED ENTRY--PERSONAL NAME
Personal name ხუციშვილი, ო.
Relator term შემდგენელი
9 (RLIN) 20160
700 ## - ADDED ENTRY--PERSONAL NAME
Personal name ხატიაშვილი, თ.
Relator term შემდგენელი
9 (RLIN) 20161
942 ## - ADDED ENTRY ELEMENTS (KOHA)
Koha item type წიგნი
Source of classification or shelving scheme
ეგზემპლარები
ჩამოწერის სტატუსი დაკარგული ეგზემპლარის სტატუსი კლასიფიკაციის წყარო ან თაროზე გაწყობის სქემა დაზიანების სტატუსი არ გაიცემა მუდმივი მდებარეობა (დაცვის ადგილი) ამჟამინდელი ადგილსამყოფელი თაროზე განთავსების ადგილი შეძენის თარიღი ღირებულება, შესყიდვის ნორმალური ფასი სრული შენახვის შიფრი შტრიხკოდი ბოლო ოპერაციის თარიღი ეგზემპლარის მიმდევრობითი ნომერი (კეტერი?) ფასის ძალაში შესვლის თარიღი ეგზემპლარის სახეობა საჯარო შენიშვნა
          ბათუმის შოთა რუსთაველის სახელმწიფო უნივერსიტეტის მთავარი ბიბლიოთეკა ბათუმის შოთა რუსთაველის სახელმწიფო უნივერსიტეტის მთავარი ბიბლიოთეკა წიგნსაცავი 2018-12-17 10.00 81'374.822=353.1=112.2(038) ხ-96 22895 2018-12-17 22895 2018-12-17 წიგნი 10.00 ₾.